Acteurs de Stranger Things - Mort subite - Statistiques

Statistiques générales
  • Ce quiz a été pris 1 267 fois
  • Le résultat moyen est 9 sur 10
Answers on the Grid
Answers color-coded by a green-red scale on the quiz's grid according to % correct below.
Millie Bobby Brown
David Harbour
Winona Ryder
Finn Wolfhard
Gaten Matarazzo
Caleb McLaughlin
Natalia Dyer
Charlie Heaton
Noah Schnapp
Sadie Sink
Madison Bailey
Johnny Depp
Jonathan Daviss
Blake Lively
Penn Bagdley
Austin North
Clara Galle
Noah Centino
Lana Condor
Camila Mendes
 
Statistiques - réponses
Réponse % Correct
Millie Bobby Brown
98%
Noah Schnapp
91%
Finn Wolfhard
87%
Sadie Sink
87%
Gaten Matarazzo
86%
Caleb McLaughlin
85%
David Harbour
85%
Winona Ryder
82%
Natalia Dyer
80%
Charlie Heaton
72%
Aucun quiz correspondant
Distribution des résultats
% des personnes avec chaque résultat
Percentile par nombre de réponses
Votre historique - résultats
Vous n’avez pas pris ce quiz